000 00997nam a2200253Ia 4500
008 130821s2012 xxu gr eng
020 _a9780203127469
020 _a9780415680806
040 _aCo-BoUCM
_bspa
041 0 0 _aeng
245 0 0 _aPost-war security transitions participatory peacebuilding after asymmetric conflicts
_ceditado por Véronique Dudouet, Hans Giessmann y Katrin Planta.
260 _aNueva York (Estados Unidos)
_bRoutledge
_c2012
300 _axxii, 280 páginas
490 0 _aRoutledge studies in peace and conflict resolution
_v16
504 _aIncluye referencias bibliográficas e índice.
650 0 4 _aMediación internacional
_919116
650 0 4 _aPacifismo
_920973
650 0 4 _aRelaciones internacionales
_98042
700 1 _aDudouet, Véronique
_eed.
_9159312
700 1 _aGiessmann, Hans-Joachim
_eed.
_9159313
700 1 _aPlanta, Katrin
_d1982-
_eed.
_9159314
942 _cLIBRO
_a6
_e1
_mP857
_2DEWEY
_h327.172
999 _c37148
_d37148